Sports Quiz

Random Sports Quiz

Super Bowl Winning QB's Quiz Stats

Quiz not verified by Sporcle

Challenge
Share
Tweet
Embed
Score 0/49 Timer 03:00
0 Plays Today
Super Bowl QB % Correct
XLIXTom Brady
100%
XLIPeyton Manning
99%
XXXVITom Brady
98.9%
XXXVIIITom Brady
98.9%
XXXIXTom Brady
98.9%
XLIIEli Manning
98.9%
XXXIIJohn Elway
97.9%
XXXIIIJohn Elway
97.9%
XVIJoe Montana
97.3%
XIXJoe Montana
97.3%
XXIIIJoe Montana
97.3%
XXIVJoe Montana
97.3%
XXVIITroy Aikman
97%
XXVIIITroy Aikman
97%
XXXTroy Aikman
97%
XXXIBrett Favre
96.7%
XLBen Roethlisberger
96.7%
XLIIIBen Roethlisberger
96.7%
XXXIVKurt Warner
96.2%
XXIXSteve Young
95.7%
XLIVDrew Brees
94.1%
XLVIEli Manning
94.1%
IXTerry Bradshaw
93.3%
XTerry Bradshaw
93.3%
XIIITerry Bradshaw
93.3%
Super Bowl QB % Correct
XIVTerry Bradshaw
93.3%
IIIJoe Namath
92.7%
IBart Starr
90%
IIBart Starr
90%
XLVAaron Rodgers
88.2%
VJohnny Unitas
87.4%
XXIPhil Simms
85.5%
XXXVTrent Dilfer
84.2%
XLVIIJoe Flacco
82.4%
XLVIIIRussell Wilson
82.4%
XXXVIIBrad Johnson
81.8%
VIRoger Staubach
81.5%
XIIRoger Staubach
81.5%
XXJim McMahon
77.7%
VIIBob Griese
75.9%
VIIIBob Griese
75.9%
XXIIDoug Williams
68.1%
XVIIJoe Theismann
67.6%
XIKen Stabler
62.4%
XXVIMark Rypien
59.3%
IVLen Dawson
57.3%
XVJim Plunkett
56.3%
XVIIIJim Plunkett
56.3%
XXVJeff Hostetler
53.6%

You're not logged in!

Compare scores with friends on all Sporcle quizzes.
Sign Up with Email
OR
Log In

You Might Also Like...

Show Comments

Extras

Top Quizzes Today


Score Distribution

Your Account Isn't Verified!

In order to create a playlist on Sporcle, you need to verify the email address you used during registration. Go to your Sporcle Settings to finish the process.